| 000 | 00394nam a22001337a 4500 | ||
|---|---|---|---|
| 020 | _a0-8359-2761-X | ||
| 082 | _a621.38152 THO'H | ||
| 100 |
_aTHOMPASON, MICHAEL _976835 |
||
| 245 | _aHANDBOOK OF SOLID-STATE DEVICES CHARACTERISTICS AND APPLICATIONS | ||
| 260 |
_aBOSTON _bPRENTICE HALL _c1979 |
||
| 300 | _aVIII, 264P | ||
| 650 |
_aSEMICONDUCTORS SOLID STATE ELECTRONICS _976836 |
||
| 942 | _cBK | ||
| 999 |
_c582155 _d582155 |
||